00000000nas##2200000za#4500
0019.510939
003CaOODSP
00520240612102421
007ta
008150406c2003||||xxc|| m #||||f|   |0fre|d
040 |aCaOODSP|bfre
041 |aeng
041 |afre
043 |an-cn---
0861 |aRv55-5/23
1102 |aAgence des services frontaliers du Canada.
24510|aMémorandums D des douanes. D0, Liste de contrôle série D
260 |aOttawa - Ontario : |bAgence des services frontaliers du Canada
310 |aIrrégulier
500 |aPublié par l'Agence des douanes et du revenu du Canada avant 2004.
563 |aFeuilles mobiles
7760#|tD Series checklist |w(CaOODSP)9.500435
791 |tCustoms D memoranda. D0, D Series checklist |eeng|w(CaOODSP)9.510938